Gainsborough and Reynolds in the British Museum : the drawings of Gainsborough and Reynolds with a survey of mezzotints after their paintings and a study of Reynolds' collection of Old Master drawings : catalogue of an exhibition at the Department of Prints and Drawings in the British Museum, 1978 /

Bibliographic Details
Main Author: Clifford, Timothy
Corporate Author: British Museum. Department of Prints and Drawings
Other Authors: Gainsborough, Thomas, 1727-1788, Reynolds, Joshua, Sir, 1723-1792, Griffiths, Antony, Royalton-Kisch, Martin
Format: Book
Language:English
Published: London : British Museum Publications for the Trustees of the British Museum, [1978]
Subjects:

MARC

Tag First Indicator Second Indicator Subfields
LEADER 00000cam a2200000 a 4500
001 in00000083924
005 20151008054340.0
008 791010s1978 enkaf bc 00110 engm
010 |a  79315242  
015 |a GB*** 
020 |a 0714107662 :  |c 7.95 
020 |a 0714107670 (pbk.) 
035 |a (OCoLC)05616613 
035 |9 AAJ0392AM 
040 |a DLC  |c DLC  |d m.c.  |d TXA  |d UtOrBLW 
049 |a TXAM  |c [932733] 
050 0 0 |a NC242.G3  |b A4 1978 
082 0 |a 741.9/42/07402142 
100 1 |a Clifford, Timothy. 
245 1 0 |a Gainsborough and Reynolds in the British Museum :  |b the drawings of Gainsborough and Reynolds with a survey of mezzotints after their paintings and a study of Reynolds' collection of Old Master drawings : catalogue of an exhibition at the Department of Prints and Drawings in the British Museum, 1978 /  |c by Timothy Clifford, Antony Griffiths and Martin Royalton-Kisch. 
264 1 |a London :  |b British Museum Publications for the Trustees of the British Museum,  |c [1978] 
264 4 |c ©1978 
300 |a xi, 92 pages, 32 unnumbered pages of plates :  |b illustrations ;  |c 26 cm. 
336 |a text  |b txt  |2 rdacontent 
337 |a unmediated  |b n  |2 rdamedia 
338 |a volume  |b nc  |2 rdacarrier 
504 |a Includes bibliographical references and index. 
600 1 0 |a Gainsborough, Thomas,  |d 1727-1788  |x Exhibitions. 
600 1 0 |a Reynolds, Joshua,  |c Sir,  |d 1723-1792  |x Exhibitions. 
600 1 0 |a Reynolds, Joshua,  |c Sir,  |d 1723-1792  |x Art collections  |x Exhibitions. 
650 0 |a Mezzotint engraving, English  |x Exhibitions. 
650 0 |a Drawing  |v Exhibitions. 
700 1 |a Gainsborough, Thomas,  |d 1727-1788. 
700 1 |a Reynolds, Joshua,  |c Sir,  |d 1723-1792. 
700 1 |a Griffiths, Antony. 
700 1 |a Royalton-Kisch, Martin. 
710 2 |a British Museum.  |b Department of Prints and Drawings. 
999 |a MARS 
999 f f |s 9f7c994c-ae1c-3823-8db6-774810a6d4aa  |i 96ec81e2-ad72-3087-8518-ddfee2f8e78c  |t 0 
952 f f |p ric  |a Texas A&M University  |b Rellis Campus  |c Joint Library Facility  |d Remote Storage  |t 0  |e NC242.G3 A4 1978  |h Library of Congress classification  |i unmediated -- volume  |m A14806169126 
998 f f |a NC242.G3 A4 1978  |t 0  |l Remote Storage